Catálogo

Fede, cultura e scienza : (Registro nro. 25428)

Detalles MARC
000 -LEADER
fixed length control field 01181cam a2200337 i 4500
001 - CONTROL NUMBER
control field 25428
003 - CONTROL NUMBER IDENTIFIER
control field Mx-PuUPA
005 - DATE AND TIME OF LATEST TRANSACTION
control field 20251002112031.0
008 - FIXED-LENGTH DATA ELEMENTS--GENERAL INFORMATION
fixed length control field 140415s2008 vc fr 001 0 ita d
020 ## - INTERNATIONAL STANDARD BOOK NUMBER
International Standard Book Number 9788820978808
040 ## - CATALOGING SOURCE
Transcribing agency Mx-PuUPA
Original cataloging agency Mx-PuUPA
Language of cataloging spa
Modifying agency Mx-PuUPA
Description conventions rda
041 0# - LANGUAGE CODE
Language code of text/sound track or separate title ita
245 ## - TITLE STATEMENT
Title Fede, cultura e scienza :
Statement of responsibility, etc. a cura di Mauro Mantovani e Marilena Amerise ; con la collaborazione di Tomasz Trafny
246 14 - VARYING FORM OF TITLE
Title proper/short title Fede, cultua e scienza :
Remainder of title discipline in dialogo
264 #1 - PRODUCTION, PUBLICATION, DISTRIBUTION, MANUFACTURE, AND COPYRIGHT NOTICE
Place of production, publication, distribution, manufacture Città del Vaticano :
Name of producer, publisher, distributor, manufacturer Libreria Editrice Vaticana,
Date of production, publication, distribution, manufacture, or copyright notice ©2008
300 ## - PHYSICAL DESCRIPTION
Extent 519 páginas ;
Dimensions 24 cm
336 ## - CONTENT TYPE
Fuente rdacontent
Content type term texto
Content type code txt
337 ## - MEDIA TYPE
Source rdamedia
Media type term sin medio
Media type code n
338 ## - CARRIER TYPE
Source rdacarrier
Carrier type term volumen
Carrier type code nc
490 0# - SERIES STATEMENT
Series statement The STOQ project research series ;
Volume/sequential designation 5
650 #7 - SUBJECT ADDED ENTRY--TOPICAL TERM
Source of heading or term armarc
Topical term or geographic name entry element Filosofía y religión
650 #7 - SUBJECT ADDED ENTRY--TOPICAL TERM
Source of heading or term armarc
Topical term or geographic name entry element Religión y ciencia
650 #7 - SUBJECT ADDED ENTRY--TOPICAL TERM
Source of heading or term armarc
Topical term or geographic name entry element Religión y cultura
700 1# - ADDED ENTRY--PERSONAL NAME
Personal name Mantovani, Mauro,
Dates associated with a name editor
700 1# - ADDED ENTRY--PERSONAL NAME
Personal name Amerise, Marilena,
Dates associated with a name editor
700 1# - ADDED ENTRY--PERSONAL NAME
Personal name Trafny, Tomasz,
Dates associated with a name colaborador
942 ## - ADDED ENTRY ELEMENTS (KOHA)
Source of classification or shelving scheme Dewey Decimal Classification
Koha item type Libro
Classification part 201.65
Item part F22
Existencias
Withdrawn status Lost status Source of classification or shelving scheme Damaged status Not for loan Collection code Home library Current library Shelving location Date acquired Source of acquisition Total Checkouts Full call number Barcode Date last seen Price effective from Koha item type
    Dewey Decimal Classification     General Centro de Estudios en Ciencia y Religión Centro de Estudios en Ciencia y Religión Sala general 03/12/2013 Compra   201.65 F22 2008 47359 05/01/2026 03/12/2013 Libro